| 000 | 01547cam a22004094a 4500 | ||
|---|---|---|---|
| 001 | 8380 | ||
| 003 | FISKH | ||
| 005 | 20250910111518.0 | ||
| 008 | 020411s2003 mnua b b 001 0 eng | ||
| 010 | _a 2002005734 | ||
| 020 |
_a1404800174 _qlibrary binding : alk. paper |
||
| 020 |
_a9781404800175 _q(library binding : alk. paper) |
||
| 020 | _a9781404803367 | ||
| 040 |
_aDLC _cDLC _dDLC _dDLC _beng |
||
| 050 | 0 | 0 |
_aGB662.3 _b.R67 2003 |
| 082 | 0 | 0 |
_a551.48 _221 |
| 100 | 1 |
_aRosinsky, Natalie M. _q(Natalie Myra) |
|
| 245 | 1 | 0 |
_aWater : _bup, down, and all around / _cwritten by Natalie M. Rosinsky ; illustrated by Matthew John. |
| 260 |
_aMinneapolis, Minn. : _bPicture Window Books, _c2003. |
||
| 300 |
_a24 pages : _bcolor illustrations ; _c26 cm |
||
| 336 |
_atext _btxt _2rdacontent |
||
| 337 |
_aunmediated _bn _2rdamedia |
||
| 338 |
_avolume _bnc _2rdacarrier |
||
| 440 | 0 | _aAmazing science (Picture Window Books (Firm)) | |
| 504 | _aIncludes bibliographical references and index. | ||
| 505 | _aK | ||
| 520 | _aDescribes the water cycle and the importance of water, explaining evaporation and condensation, dew and frost, and the three states of water. | ||
| 521 | 8 |
_a510
_bLexile estimate |
|
| 521 | 8 |
_aK
_bRaz-Plus |
|
| 650 | 0 |
_aWater _vJuvenile literature. |
|
| 650 | 1 | _aWater. | |
| 655 | 7 |
_aLiterature. _2lcgft _0https://id.loc.gov/authorities/genreForms/gf2014026415 |
|
| 700 | 1 |
_aJohn, Matthew, _eillustrator |
|
| 906 |
_a7 _bcbc _corignew _d1 _eecip _f20 _gy-gencatlg |
||
| 942 |
_2ddc _cBK _n0 |
||
| 999 |
_c8380 _d8380 |
||